000 00497nam a2200157 a 4500
001 000040172
005 20201002033948.0
008 130813s1974 mx 000 0 spa d
040 _aDO-SdBNP
_bspa
_cBNPHU
245 0 0 _aPoesía rebelde de América /
_cselección y prólogo de Miguel Donoso Pareja.
260 _aMéxico :
_bEditorial Extemporáneos,
_c1974.
300 _a397 p. ;
_c18 cm.
490 1 _aA pleno sol
_v5
700 1 _aDonoso Pareja, Miguel
_966445
830 0 _aA pleno sol
_v5
_966446
999 _c39662
_d39662